<?xml version="1.0" encoding="UTF-8"?>
<record
    xmlns:xsi="http://www.w3.org/2001/XMLSchema-instance"
    xsi:schemaLocation="http://www.loc.gov/MARC21/slim http://www.loc.gov/standards/marcxml/schema/MARC21slim.xsd"
    xmlns="http://www.loc.gov/MARC21/slim">

  <leader>00493nam a22001697a 4500</leader>
  <datafield tag="999" ind1=" " ind2=" ">
    <subfield code="c">17902</subfield>
    <subfield code="d">17902</subfield>
  </datafield>
  <controlfield tag="008">191002b        xxu||||| |||| 00| 0 eng d</controlfield>
  <datafield tag="020" ind1=" " ind2=" ">
    <subfield code="a">8121939925</subfield>
  </datafield>
  <datafield tag="040" ind1=" " ind2=" ">
    <subfield code="a">KABU</subfield>
    <subfield code="c">KABU</subfield>
  </datafield>
  <datafield tag="050" ind1=" " ind2=" ">
    <subfield code="a">TX911.3</subfield>
    <subfield code="b">.N44 2013 c. 1</subfield>
  </datafield>
  <datafield tag="100" ind1=" " ind2=" ">
    <subfield code="a">Negi, Jagmohan</subfield>
  </datafield>
  <datafield tag="245" ind1=" " ind2=" ">
    <subfield code="a">Hospitality reception &amp; front office</subfield>
    <subfield code="b">procedures and system</subfield>
  </datafield>
  <datafield tag="260" ind1=" " ind2=" ">
    <subfield code="a">New Delhi</subfield>
    <subfield code="b">S. Chand &amp; Company</subfield>
    <subfield code="c">2013</subfield>
  </datafield>
  <datafield tag="300" ind1=" " ind2=" ">
    <subfield code="a">xii. 276 p.</subfield>
  </datafield>
  <datafield tag="650" ind1=" " ind2=" ">
    <subfield code="a">Hotel management</subfield>
  </datafield>
  <datafield tag="700" ind1=" " ind2=" ">
    <subfield code="a">Gaurav, M.J.</subfield>
  </datafield>
  <datafield tag="942" ind1=" " ind2=" ">
    <subfield code="2">lcc</subfield>
    <subfield code="c">BK</subfield>
    <subfield code="h">TX911.3</subfield>
  </datafield>
  <datafield tag="952" ind1=" " ind2=" ">
    <subfield code="0">0</subfield>
    <subfield code="1">0</subfield>
    <subfield code="2">lcc</subfield>
    <subfield code="7">0</subfield>
    <subfield code="a">KABU</subfield>
    <subfield code="b">KABU</subfield>
    <subfield code="d">2019-10-02</subfield>
    <subfield code="g">767.00</subfield>
    <subfield code="l">1</subfield>
    <subfield code="o">TX911.3 .N44 2013 c. 1</subfield>
    <subfield code="p">023748</subfield>
    <subfield code="r">2024-08-13 13:32:21</subfield>
    <subfield code="s">2024-07-25</subfield>
    <subfield code="t">c. 1</subfield>
    <subfield code="w">2019-10-02</subfield>
    <subfield code="y">BK</subfield>
  </datafield>
  <datafield tag="952" ind1=" " ind2=" ">
    <subfield code="0">0</subfield>
    <subfield code="1">0</subfield>
    <subfield code="2">lcc</subfield>
    <subfield code="7">0</subfield>
    <subfield code="a">KABU</subfield>
    <subfield code="b">KABU</subfield>
    <subfield code="d">2019-10-02</subfield>
    <subfield code="g">767.00</subfield>
    <subfield code="l">0</subfield>
    <subfield code="o">TX911.3 .N44 2013 c. 2</subfield>
    <subfield code="p">023749</subfield>
    <subfield code="r">2019-10-02 00:00:00</subfield>
    <subfield code="t">c. 2</subfield>
    <subfield code="w">2019-10-02</subfield>
    <subfield code="y">BK</subfield>
  </datafield>
  <datafield tag="952" ind1=" " ind2=" ">
    <subfield code="0">0</subfield>
    <subfield code="1">0</subfield>
    <subfield code="2">lcc</subfield>
    <subfield code="7">0</subfield>
    <subfield code="a">KABU</subfield>
    <subfield code="b">KABU</subfield>
    <subfield code="d">2019-10-02</subfield>
    <subfield code="g">767.00</subfield>
    <subfield code="l">2</subfield>
    <subfield code="o">TX911.3 .N44 2013 c. 3</subfield>
    <subfield code="p">023750</subfield>
    <subfield code="r">2024-08-12 08:08:30</subfield>
    <subfield code="s">2024-08-06</subfield>
    <subfield code="t">c. 3</subfield>
    <subfield code="w">2019-10-02</subfield>
    <subfield code="y">BK</subfield>
  </datafield>
</record>
